00448nam a2200133 a 450000500170000000800410001705000260005810000270008424500800011126000640019130000350025552100090029065000150029920140310183142.0020822s19uu xx 00 eng d aHD 57.7 b.Se457 1999 aSergiovanni, Thomas J. aRethinking leadership :ba collection of articles /cThomas J. Sergiovanni. aArlington Heights, IL :bSkyLight Training and Pub.,c1999. axiii, 176 p. :bill. ;c23 cm. aBSBA aLeadership